Estadísticas para 10 Ciudades más Grandes que No son Capitales del Mundo

Haz click aquí para intentar la prueba.

Estadísticas generales

  • Esta prueba ha sido intentada 92 veces
  • La puntuación promedio es 6 de 10

Estadísticas de respuestas

PoblaciónÁrea Urbana% Correcto
23.1 millNueva York
93%
40.0 mill
Shanghái
83%
17.7 millLos Ángeles
69%
23.0 millSão Paulo
64%
26.6 millBombay
59%
17.7 millOsaka
56%
17.4 millCalcuta
52%
67.8 millCantón / Shenzhen
52%
21.4 millLagos
38%
19.1 millKarachi
33%

Distribución de puntuación

Porcentaje por número respondido

Porcentaje de gente con cada puntuación

Historial de tus puntuaciones

No has intentado esta prueba.